[Event "25th Abu Dhabi Master 2018"]
[Site "Abu Dhabi"]
[Date "2018.08.13"]
[Round "7"]
[White "Dimakiling, Oliver"]
[Black "Hejazipour, Mitra"]
[Result "1-0"]
[WhiteElo "2401"]
[BlackElo "2285"]
[Annotator "TA"]
[PlyCount "149"]
[EventDate "2018.08.05"]
[EventType "swiss"]
[EventCountry "UAE"]
[SourceTitle "playchess.com"]
[Source "ChessBase"]
[SourceQuality "1"]

1. Nf3 Nf6 2. c4 e6 3. b3 d5 4. Bb2 Be7 5. e3 O-O 6. Be2 c5 7. O-O b6 8. d4 cxd4 9. Nxd4 Bb7 10. Nd2 Nc6 11. Rc1 Nxd4 12. Bxd4 Rc8 13. Rc2 Qd7 14. Qa1 Rfd8 15. a4 dxc4 16. Nxc4 Qd5 17. Bf3 Qf5 18. Bxb7 Qxc2 19. Bxc8 Rxc8 20. Qd1 Qxd1 21. Rxd1 Rd8 22. Ne5 Rc8 23. f3 Nd5 24. Nc4 f6 25. Kf2 Rd8 26. f4 Kf7 27. g3 Ke8 28. Rc1 Nb4 29. Ke2 Na2 30. Ra1 Nb4 31. Bc3 Nd3 32. Nd2 Nb4 33. Nf3 Rc8 34. Bd2 a6 35. g4 Bd6 36. h4 Ke7 37. h5 h6 38. Rg1 Kf7 39. g5 hxg5 40. fxg5 Rh8 41. g6+ Ke7 42. Rh1 Nc6 43. e4 Bc5 44. Bc3 Bb4 45. Bb2 Bd6 46. Rh3 Bf4 47. Nd4 Ne5 48. Ba3+ Kd7 49. Rh1 Nc6 50. Nf3 Kc7 51. Rh4 Bh6 52. Bb2 e5 53. Rh1 Bf4 54. Rh4 Nd8 55. Ne1 Ne6 56. Nd3 Bg5 57. Rh1 Kb7 58. b4 Rc8 59. Rd1 Rc2+ 60. Kf3 Rh2 61. Kg4 Bh6 62. a5 bxa5 63. bxa5 Kc6 64. Bc3 Rg2+ 65. Kf3 Rh2 66. Kg4 Kb5 67. Be1 Nd4 68. Bg3 Re2 69. Re1 Kxa5 70. Nxe5 fxe5 71. Rxe2 Nxe2 72. Bxe5 Kb5 73. Kf3 Nc1 74. Bf4 Nd3 75. Bxh6 1-0

[Event "25th Abu Dhabi Master 2018"]
[Site "Abu Dhabi"]
[Date "2018.08.13"]
[Round "7"]
[White "Muthaiah, Al"]
[Black "Raahul, VS."]
[Result "1-0"]
[WhiteElo "2391"]
[BlackElo "2277"]
[Annotator "TA"]
[PlyCount "79"]
[EventDate "2018.08.05"]
[EventType "swiss"]
[EventCountry "UAE"]
[SourceTitle "playchess.com"]
[Source "ChessBase"]
[SourceQuality "1"]

1. d4 Nf6 2. Bg5 Ne4 3. Bf4 c5 4. f3 Qa5+ 5. c3 Nf6 6. d5 e6 7. e4 exd5 8. exd5 d6 9. Ne2 Be7 10. Ng3 O-O 11. Be2 Re8 12. O-O c4 13. Bxc4 Qc5+ 14. Qd4 Qxd4+ 15. cxd4 Nbd7 16. Nc3 Nb6 17. Bb3 Bd7 18. Nge4 a5 19. a4 Rac8 20. Bxd6 Rxc3 21. bxc3 Nxe4 22. Bxe7 Nd2 23. Bc5 Nxb3 24. Bxb6 Nxa1 25. Rxa1 h5 26. c4 Re2 27. c5 Rd2 28. Rc1 Bxa4 29. c6 bxc6 30. dxc6 Rc2 31. Rxc2 Bxc2 32. d5 Ba4 33. Kf2 Kf8 34. Ke3 Ke7 35. Kd4 Kd6 36. Bxa5 Bc2 37. Bb4+ Kc7 38. Kc5 Bf5 39. d6+ Kc8 40. h4 1-0

[Event "25th Abu Dhabi Master 2018"]
[Site "Abu Dhabi"]
[Date "2018.08.13"]
[Round "7"]
[White "Krishna Teja, N."]
[Black "Kushagra, Mohan"]
[Result "1-0"]
[WhiteElo "2389"]
[BlackElo "2270"]
[Annotator "TA"]
[PlyCount "137"]
[EventDate "2018.08.05"]
[EventType "swiss"]
[EventCountry "UAE"]
[SourceTitle "playchess.com"]
[Source "ChessBase"]
[SourceQuality "1"]

1. d4 Nf6 2. c4 g6 3. Nc3 Bg7 4. e4 d6 5. Be2 O-O 6. Be3 c5 7. d5 e6 8. Nf3 exd5 9. cxd5 Bg4 10. Nd2 Bxe2 11. Qxe2 Re8 12. O-O Nbd7 13. f4 a6 14. a4 b6 15. Kh1 Qc7 16. Qd3 Qb7 17. Rab1 Rab8 18. b4 cxb4 19. Rxb4 Ng4 20. Bd4 Nc5 21. Bxc5 dxc5 22. Rbb1 Bd4 23. Qf3 Ne3 24. Rfc1 f5 25. e5 Red8 26. d6 Qxf3 27. Nxf3 Bxc3 28. Rxc3 Nd5 29. Rc4 a5 30. Ng5 Re8 31. d7 Re7 32. e6 Rd8 33. Kg1 h6 34. Nf7 Rxf7 35. exf7+ Kxf7 36. Kf2 Rxd7 37. Rd1 Ke6 38. g3 Rc7 39. Kf3 Nb4 40. Rc3 Nd5 41. Rcd3 Rd7 42. Rc1 Nf6 43. Rxd7 Kxd7 44. Ke2 Ne4 45. Kd3 Kc6 46. Kc4 Nd6+ 47. Kc3 Ne4+ 48. Kb3 Nd2+ 49. Kc2 Nf3 50. h4 Kd5 51. Kd3 Nd4 52. Re1 b5 53. Re5+ Kc6 54. axb5+ Kxb5 55. Kc3 a4 56. Re8 h5 57. Rb8+ Kc6 58. Kc4 Ne2 59. Rg8 a3 60. Rxg6+ Kd7 61. Kb3 Ke7 62. Kxa3 Kf7 63. Rg5 Ke6 64. Kb3 Kd5 65. Rxf5+ Kd4 66. Rg5 c4+ 67. Kc2 c3 68. Rxh5 Nxg3 69. Re5 1-0

[Event "25th Abu Dhabi Master 2018"]
[Site "Abu Dhabi"]
[Date "2018.08.13"]
[Round "7"]
[White "Raetsky, Alexander"]
[Black "Abdusattorov, Nodirbek"]
[Result "0-1"]
[WhiteElo "2380"]
[BlackElo "2539"]
[Annotator "ChessBase"]
[PlyCount "95"]
[EventDate "2018.08.05"]
[EventType "swiss"]
[EventCountry "UAE"]
[SourceTitle "playchess.com"]
[Source "ChessBase"]
[SourceQuality "1"]

1. c4 Nf6 2. Nc3 c5 3. Nf3 d5 4. cxd5 Nxd5 5. d4 Nxc3 6. bxc3 Nd7 7. e4 e6 8. Bd3 cxd4 9. cxd4 Bb4+ 10. Bd2 Bxd2+ 11. Qxd2 O-O 12. O-O b6 13. Rad1 Bb7 14. Rfe1 Re8 15. Qf4 h6 16. Nd2 e5 17. dxe5 Nxe5 18. Bb5 Nd3 19. Bxd3 Qxd3 20. f3 Red8 21. Nf1 Qxd1 22. Rxd1 Rxd1 23. Kf2 Bc8 24. Ne3 Ra1 25. Nd5 Rxa2+ 26. Kg3 Be6 27. Qd6 Rf8 28. Ne7+ Kh7 29. f4 Re8 30. f5 Bc4 31. Qd7 Rf8 32. Kf3 Bf1 33. g3 Bg2+ 34. Ke3 Ra3+ 35. Kd4 Bf1 36. Nd5 f6 37. Nf4 Rg8 38. Qe7 Rb3 39. g4 Rf3 40. Qc7 Re8 41. h4 Re5 42. Qc1 Rc5 43. Qd2 Rc8 44. g5 Rd8+ 45. Nd5 Rd3+ 46. Qxd3 Bxd3 47. g6+ Kg8 48. Kxd3 0-1

[Event "25th Abu Dhabi Master 2018"]
[Site "Abu Dhabi"]
[Date "2018.08.13"]
[Round "7"]
[White "Kathmale, Sameer"]
[Black "Samant, Aditya S"]
[Result "1-0"]
[WhiteElo "2367"]
[BlackElo "2217"]
[Annotator "TA"]
[PlyCount "119"]
[EventDate "2018.08.05"]
[EventType "swiss"]
[EventCountry "UAE"]
[SourceTitle "playchess.com"]
[Source "ChessBase"]
[SourceQuality "1"]

1. e4 c5 2. Nf3 d6 3. d4 cxd4 4. Nxd4 Nf6 5. Nc3 Nc6 6. Bg5 e6 7. Qd2 a6 8. Nxc6 bxc6 9. O-O-O h6 10. Bf4 d5 11. Qe3 Be7 12. Be2 Nd7 13. exd5 cxd5 14. h4 Qb6 15. Qg3 Bf6 16. Bc7 Qc6 17. Bd6 Nb6 18. Rhe1 Bb7 19. Be5 Bxe5 20. Qxe5 O-O 21. f4 Rac8 22. Bd3 Nd7 23. Qd4 Qc5 24. Ne2 a5 25. Qxc5 Nxc5 26. Nd4 Rfe8 27. Bb5 Re7 28. Re3 Ne4 29. Ra3 Ra8 30. Re1 Rc7 31. Bd3 Nc5 32. Kd2 a4 33. b4 Ne4+ 34. Bxe4 dxe4 35. Rc3 Rxc3 36. Kxc3 a3 37. Kb3 Rd8 38. c3 f5 39. b5 e5 40. fxe5 f4 41. Nc6 Bxc6 42. bxc6 e3 43. Kc4 Kf7 44. g3 g5 45. gxf4 gxf4 46. Rf1 Ke6 47. Rxf4 Kxe5 48. Rf7 Ke4 49. Re7+ Kf3 50. c7 Rc8 51. Kd3 e2 52. Rf7+ Kg4 53. Kxe2 Kxh4 54. Kf3 Kg5 55. Ke4 Kg6 56. Rd7 h5 57. Kd5 h4 58. Kc6 h3 59. Kb7 h2 60. Rd1 1-0

[Event "25th Abu Dhabi Master 2018"]
[Site "Abu Dhabi"]
[Date "2018.08.13"]
[Round "7"]
[White "Soumya, Swaminathan"]
[Black "Esenbek Uulu, Ilimbek"]
[Result "1-0"]
[WhiteElo "2361"]
[BlackElo "2159"]
[Annotator "NA"]
[PlyCount "57"]
[EventDate "2018.08.05"]
[EventType "swiss"]
[EventCountry "UAE"]
[SourceTitle "playchess.com"]
[Source "ChessBase"]
[SourceQuality "1"]

1. e4 c5 2. Nf3 d6 3. d4 cxd4 4. Nxd4 Nf6 5. Nc3 Nc6 6. Bg5 e6 7. Qd2 Be7 8. f4 h6 9. Bxf6 Bxf6 10. Ndb5 O-O 11. O-O-O e5 12. g3 a6 13. Nxd6 Nd4 14. Nxc8 Rxc8 15. Kb1 Re8 16. Bg2 Rc4 17. Qd3 b5 18. Rd2 Qa5 19. Nd5 Rec8 20. c3 b4 21. cxb4 Qb5 22. Bh3 Rd8 23. a4 Qc6 24. b3 Rxd5 25. exd5 Qxd5 26. Bg2 Qe6 27. bxc4 e4 28. Bxe4 Qb6 29. Rb2 1-0

[Event "25th Abu Dhabi Master 2018"]
[Site "Abu Dhabi"]
[Date "2018.08.13"]
[Round "7"]
[White "Wagh, Suyog"]
[Black "Harsha, Bharathakoti"]
[Result "0-1"]
[WhiteElo "2356"]
[BlackElo "2454"]
[Annotator "TA"]
[PlyCount "80"]
[EventDate "2018.08.05"]
[EventType "swiss"]
[EventCountry "UAE"]
[SourceTitle "playchess.com"]
[Source "ChessBase"]
[SourceQuality "1"]

1. Nf3 f5 2. g3 Nf6 3. Bg2 g6 4. O-O Bg7 5. d4 O-O 6. c4 d6 7. b3 e5 8. dxe5 dxe5 9. Ba3 Qxd1 10. Rxd1 Re8 11. Nc3 e4 12. Nd4 c6 13. Nc2 Nbd7 14. Bb2 Nc5 15. b4 Ncd7 16. Nb1 Nb6 17. Nba3 Be6 18. c5 Na4 19. Bd4 Nd5 20. Bxg7 Kxg7 21. Rd2 a5 22. b5 Nb4 23. Ne3 Nxc5 24. bxc6 Nxc6 25. Nac4 Red8 26. Rb2 Nd4 27. Rc1 Ra6 28. Rd1 b5 29. Rxb5 Nxe2+ 30. Kf1 Bxc4 31. Nxc4 Rxd1+ 32. Kxe2 Rg1 33. Ne3 Rc1 34. Kd2 Nd3 35. Rb7+ Kh6 36. Bf1 Ra1 37. Bxd3 Rd6 38. Rb2 Rxd3+ 39. Kc2 Ra3 40. Rb6 R1xa2+ 0-1

[Event "25th Abu Dhabi Master 2018"]
[Site "Abu Dhabi"]
[Date "2018.08.13"]
[Round "7"]
[White "Rapport, Jovana"]
[Black "Swapnil, S Dhopade"]
[Result "1/2-1/2"]
[WhiteElo "2354"]
[BlackElo "2487"]
[Annotator "TA"]
[PlyCount "118"]
[EventDate "2018.08.05"]
[EventType "swiss"]
[EventCountry "UAE"]
[SourceTitle "playchess.com"]
[Source "ChessBase"]
[SourceQuality "1"]

1. d4 Nf6 2. Bf4 d5 3. e3 e6 4. Nf3 Bd6 5. Bxd6 Qxd6 6. c4 O-O 7. Nc3 b6 8. Rc1 a6 9. cxd5 exd5 10. Qc2 Bb7 11. a3 Nbd7 12. b4 c5 13. Qb2 c4 14. a4 Bc6 15. b5 axb5 16. axb5 Bb7 17. Be2 Ra3 18. Nd2 Rfa8 19. O-O Qe7 20. Bf3 Nf8 21. Ra1 Ne6 22. Rxa3 Qxa3 23. Rb1 Ng5 24. Qc2 Nxf3+ 25. Nxf3 g6 26. Nd2 Qe7 27. h3 Bc8 28. e4 Be6 29. Re1 dxe4 30. Ndxe4 Rd8 31. Ng5 Rxd4 32. Nxe6 Rd6 33. Nd1 Rxe6 34. Rxe6 Qxe6 35. Ne3 Nd5 36. Nxc4 Qe1+ 37. Kh2 Qb4 38. Qa2 Qxb5 39. Qa8+ Kg7 40. Nd6 Qc5 41. Qd8 Nf6 42. Qe7 Qd5 43. Qc7 Qb3 44. Qb8 h5 45. Qb7 h4 46. Qb8 Qb2 47. Qc7 Qb3 48. Qb8 Qb2 49. Qc7 Qe5+ 50. Kg1 Qe1+ 51. Kh2 Qe5+ 52. Kg1 Qe1+ 53. Kh2 Qxf2 54. Qxf7+ Kh6 55. Qf8+ Kh5 56. Nf7 Qg3+ 57. Kh1 Qe1+ 58. Kh2 Qg3+ 59. Kh1 Qe1+ 1/2-1/2

[Event "25th Abu Dhabi Master 2018"]
[Site "Abu Dhabi"]
[Date "2018.08.13"]
[Round "7"]
[White "Tokhirjonova, Gulrukhbegim"]
[Black "Laxman, R R"]
[Result "0-1"]
[WhiteElo "2350"]
[BlackElo "2449"]
[Annotator "NA"]
[PlyCount "189"]
[EventDate "2018.08.05"]
[EventType "swiss"]
[EventCountry "UAE"]
[SourceTitle "playchess.com"]
[Source "ChessBase"]
[SourceQuality "1"]

1. e4 e5 2. Nf3 Nc6 3. Bb5 Nf6 4. d3 Bc5 5. c3 O-O 6. O-O Re8 7. d4 Bb6 8. d5 Nb8 9. Bd3 d6 10. a4 c6 11. c4 a5 12. Bc2 cxd5 13. cxd5 Bg4 14. Nbd2 Nbd7 15. h3 Bh5 16. Nc4 Bc5 17. g4 Bg6 18. Qe2 h6 19. Kg2 Nb6 20. b3 Nfd7 21. Be3 Nxc4 22. bxc4 Bxe3 23. Qxe3 Rc8 24. Nd2 Qg5 25. Kf3 Qh4 26. Kg2 Qg5 27. Kf3 Qd8 28. Rab1 b6 29. Kg3 Qg5 30. Kf3 Qh4 31. Kg2 h5 32. Bd1 Rb8 33. Rg1 hxg4 34. hxg4 f6 35. Rh1 Qg5 36. Kf3 Kf7 37. Bc2 Qxe3+ 38. Kxe3 Rh8 39. Nf3 Rxh1 40. Rxh1 Rc8 41. Nd2 Nc5 42. Rb1 Rb8 43. Nf3 Na6 44. Rh1 Rc8 45. Bd3 Nb4 46. Kd2 Kg8 47. Nh4 Be8 48. Nf5 Rd8 49. Ra1 g6 50. Ne3 Na6 51. Bc2 Nc5 52. Nd1 Kg7 53. Nc3 Bd7 54. Rb1 Rb8 55. f3 Na6 56. Na2 Bc8 57. Nc3 Bd7 58. Na2 Rb7 59. Bd1 Bc8 60. Nc3 Nb4 61. Nb5 Rd7 62. Be2 Ba6 63. Na3 Rc7 64. c5 bxc5 65. Bxa6 Nxa6 66. Rb6 Nb4 67. Nc4 Kh6 68. Nxd6 Kg5 69. Rb7 Na6 70. Rxc7 Nxc7 71. Ke3 f5 72. gxf5 gxf5 73. Nxf5 Na8 74. Ne7 Nb6 75. Nc6 Kf6 76. Nxa5 Nxa4 77. Nc4 Nc3 78. f4 exf4+ 79. Kxf4 Ne2+ 80. Ke3 Nc3 81. Kd3 Nb5 82. Nd2 Na3 83. Nf3 Nb5 84. e5+ Kf5 85. Kc4 Nc7 86. Kxc5 Ke4 87. Kd6 Nxd5 88. Ng5+ Kd4 89. e6 Nb6 90. Nf7 Nc8+ 91. Kd7 Kd5 92. Ng5 Nb6+ 93. Kc7 Nc4 94. e7 Nd6 95. Kd7 0-1

[Event "25th Abu Dhabi Master 2018"]
[Site "Abu Dhabi"]
[Date "2018.08.13"]
[Round "7"]
[White "Rathanvel, VS."]
[Black "Shyam, Sundar M."]
[Result "1-0"]
[WhiteElo "2348"]
[BlackElo "2527"]
[Annotator "TA"]
[PlyCount "99"]
[EventDate "2018.08.05"]
[EventType "swiss"]
[EventCountry "UAE"]
[SourceTitle "playchess.com"]
[Source "ChessBase"]
[SourceQuality "1"]

1. e4 e5 2. Nf3 Nc6 3. Bb5 a6 4. Ba4 Nf6 5. O-O b5 6. Bb3 Bb7 7. Re1 Bc5 8. c3 d6 9. d4 Bb6 10. Be3 O-O 11. d5 Ne7 12. Bxb6 cxb6 13. Nbd2 Ng6 14. Nf1 Nf4 15. a4 bxa4 16. Bxa4 Bc8 17. Qd2 Ng4 18. Bc2 Qf6 19. Ng3 Qh6 20. h3 Nf6 21. Re3 g5 22. Ne2 Kh8 23. Nh2 Rg8 24. Rg3 N6h5 25. Re3 g4 26. h4 Nxe2+ 27. Qxe2 Nf4 28. Qc4 Qxh4 29. g3 Nh3+ 30. Kg2 Qf6 31. Qf1 Qh6 32. Bd1 f5 33. exf5 Bxf5 34. Ra4 Raf8 35. Qe1 Nxf2 36. Kg1 Nxd1 37. Re2 Qh3 38. Ra1 Bd3 39. Rg2 Nxb2 40. Rxb2 b5 41. Rxa6 Rf3 42. Rg2 Qh6 43. Nxf3 gxf3 44. Rh2 Qg6 45. Rh4 e4 46. Ra7 h5 47. g4 Qg5 48. c4 b4 49. Qa1+ Rg7 50. Rxh5+ 1-0

[Event "25th Abu Dhabi Master 2018"]
[Site "Abu Dhabi"]
[Date "2018.08.13"]
[Round "7"]
[White "Padmini, Rout"]
[Black "Mendonca, Leon Luke"]
[Result "1-0"]
[WhiteElo "2338"]
[BlackElo "2168"]
[Annotator "NA"]
[PlyCount "67"]
[EventDate "2018.08.05"]
[EventType "swiss"]
[EventCountry "UAE"]
[SourceTitle "playchess.com"]
[Source "ChessBase"]
[SourceQuality "1"]

1. e4 c5 2. Nf3 d6 3. c3 Nf6 4. Be2 g6 5. O-O Bg7 6. Bb5+ Bd7 7. Bxd7+ Nbxd7 8. Re1 O-O 9. d4 cxd4 10. cxd4 d5 11. e5 Ne4 12. Nbd2 Nxd2 13. Bxd2 e6 14. h3 Nb8 15. Bg5 Qb6 16. Qd2 Rc8 17. h4 h5 18. Qf4 Nd7 19. Be7 Re8 20. Bd6 f6 21. Rac1 fxe5 22. dxe5 Rf8 23. Qg3 Rxf3 24. Qxf3 Qxb2 25. Rc7 Rd8 26. Qg3 Nf8 27. Qg5 Rd7 28. Rxd7 Nxd7 29. Qxg6 Nf8 30. Bxf8 Kxf8 31. Qxe6 d4 32. Qc8+ Ke7 33. Qc7+ Kf8 34. e6 1-0

[Event "25th Abu Dhabi Master 2018"]
[Site "Abu Dhabi"]
[Date "2018.08.13"]
[Round "7"]
[White "Zuo, Yifan"]
[Black "Raja, Rithvik R"]
[Result "1/2-1/2"]
[WhiteElo "2334"]
[BlackElo "2436"]
[Annotator "TA"]
[PlyCount "110"]
[EventDate "2018.08.05"]
[EventType "swiss"]
[EventCountry "UAE"]
[SourceTitle "playchess.com"]
[Source "ChessBase"]
[SourceQuality "1"]

1. d4 d5 2. c4 e6 3. Nf3 Nf6 4. Nc3 a6 5. cxd5 exd5 6. Bg5 Be6 7. e3 Nbd7 8. Bd3 Bd6 9. O-O O-O 10. Qc2 h6 11. Bh4 Rc8 12. Na4 c6 13. Bg3 Bxg3 14. hxg3 Re8 15. b4 Ne4 16. Bxe4 dxe4 17. Nd2 Bd5 18. Nc5 Nxc5 19. bxc5 h5 20. Rab1 Rc7 21. Nc4 Bxc4 22. Qxc4 h4 23. Qe2 Qg5 24. Qe1 Re6 25. f4 exf3 26. Rxf3 Rg6 27. Kh2 Re7 28. Rb2 hxg3+ 29. Qxg3 Qxg3+ 30. Rxg3 Rxg3 31. Kxg3 Rxe3+ 32. Kf4 Re7 33. g4 f6 34. a4 Kf7 35. a5 Rd7 36. Ke4 Ke6 37. Rb6 g6 38. Rb4 f5+ 39. gxf5+ gxf5+ 40. Kd3 Rf7 41. Rb2 f4 42. Ke4 f3 43. Rf2 Rf8 44. Rxf3 Rxf3 45. Kxf3 Kd5 46. Ke3 Kc4 47. Ke4 Kb5 48. Ke5 Kxa5 49. Kd6 Kb5 50. Kc7 Kc4 51. Kxb7 Kd5 52. Kb6 a5 53. Kxa5 Kxd4 54. Kb4 Kd5 55. Kb3 Ke5 1/2-1/2

[Event "25th Abu Dhabi Master 2018"]
[Site "Abu Dhabi"]
[Date "2018.08.13"]
[Round "7"]
[White "Koustav, Chatterjee"]
[Black "Ikeda, Junta"]
[Result "1-0"]
[WhiteElo "2325"]
[BlackElo "2419"]
[Annotator "NA"]
[PlyCount "71"]
[EventDate "2018.08.05"]
[EventType "swiss"]
[EventCountry "UAE"]
[SourceTitle "playchess.com"]
[Source "ChessBase"]
[SourceQuality "1"]

1. d4 f5 2. c4 Nf6 3. Nc3 d6 4. Bg5 Nbd7 5. Qc2 g6 6. h4 Bg7 7. Nh3 Nf8 8. O-O-O Ne6 9. d5 Nxg5 10. hxg5 Ng4 11. e3 O-O 12. Be2 c6 13. c5 cxd5 14. Rxd5 Be6 15. Nf4 Bf7 16. Rxf5 Ne5 17. Rxf7 Rxf7 18. Ne6 Qc8 19. Nxg7 Kxg7 20. f4 Qxc5 21. fxe5 Qxe5 22. Bf3 Qxg5 23. Qd2 Rb8 24. Qd4+ Qf6 25. Qxa7 Rc8 26. Qxb7 Rc5 27. Qb4 Rf8 28. Qd4 Re5 29. Qh4 Qxh4 30. Rxh4 Rxe3 31. a4 e6 32. a5 d5 33. Ra4 Re5 34. a6 Ref5 35. b4 d4 36. Nd1 1-0

[Event "25th Abu Dhabi Master 2018"]
[Site "Abu Dhabi"]
[Date "2018.08.13"]
[Round "7"]
[White "Aronyak, Ghosh"]
[Black "Ajay, Karthikeyan"]
[Result "1/2-1/2"]
[WhiteElo "2318"]
[BlackElo "2156"]
[Annotator "NA"]
[PlyCount "79"]
[EventDate "2018.08.05"]
[EventType "swiss"]
[EventCountry "UAE"]
[SourceTitle "playchess.com"]
[Source "ChessBase"]
[SourceQuality "1"]

1. Nf3 Nf6 2. g3 c5 3. c4 g6 4. b3 Bg7 5. Bb2 Nc6 6. Bg2 d6 7. d4 O-O 8. d5 Na5 9. O-O a6 10. Nbd2 b5 11. e4 Bg4 12. Qc2 Rb8 13. Rab1 e5 14. Bc3 b4 15. Bb2 Nb7 16. Qd3 Nh5 17. Ne1 Qd7 18. f4 f5 19. fxe5 dxe5 20. exf5 Bxf5 21. Ne4 Nd6 22. Qe2 Bxe4 23. Rxf8+ Rxf8 24. Bxe4 Nf6 25. Bg2 e4 26. Nc2 Ng4 27. Bh3 Bxb2 28. Bxg4 Qg7 29. Kg2 h5 30. Be6+ Kh7 31. Rf1 Rxf1 32. Qxf1 Qf6 33. Qe2 Bc3 34. Qe3 Bd4 35. Qe2 Bb2 36. Ne3 Bc1 37. Nc2 Qc3 38. Kh3 Kg7 39. Qf2 e3 40. Qf4 1/2-1/2

[Event "25th Abu Dhabi Master 2018"]
[Site "Abu Dhabi"]
[Date "2018.08.13"]
[Round "7"]
[White "Sammed Jaykumar, Shete"]
[Black "Senthil, Maran K"]
[Result "1-0"]
[WhiteElo "2314"]
[BlackElo "2167"]
[Annotator "TA"]
[PlyCount "70"]
[EventDate "2018.08.05"]
[EventType "swiss"]
[EventCountry "UAE"]
[SourceTitle "playchess.com"]
[Source "ChessBase"]
[SourceQuality "1"]

1. e4 c5 2. c3 Nf6 3. e5 Nd5 4. Nf3 Nc6 5. Bc4 Nb6 6. Bb3 c4 7. Bc2 d6 8. exd6 Qxd6 9. O-O g6 10. b3 Bg7 11. Na3 cxb3 12. axb3 O-O 13. d4 Nd5 14. Bd2 Bg4 15. h3 Bxf3 16. Qxf3 Rac8 17. Nc4 Qd7 18. Be4 Rfd8 19. Na5 e6 20. Nxc6 bxc6 21. Ra5 Rb8 22. b4 h6 23. Rfa1 Rb7 24. R1a2 f5 25. Bc2 e5 26. dxe5 Bxe5 27. Bxh6 Bc7 28. R5a3 c5 29. g3 Bb6 30. Bb3 cxb4 31. cxb4 Kh7 32. Bg5 Ne7 33. Re2 Nc6 34. Rd2 Nd4 35. Qf4 Kg7 1-0

[Event "25th Abu Dhabi Master 2018"]
[Site "Abu Dhabi"]
[Date "2018.08.13"]
[Round "7"]
[White "Karthik, Kumar Pradeep"]
[Black "Sahil, Tickoo"]
[Result "1/2-1/2"]
[WhiteElo "2295"]
[BlackElo "2192"]
[Annotator "TA"]
[PlyCount "116"]
[EventDate "2018.08.05"]
[EventType "swiss"]
[EventCountry "UAE"]
[SourceTitle "playchess.com"]
[Source "ChessBase"]
[SourceQuality "1"]

1. d4 d5 2. c4 c6 3. Nf3 e6 4. e3 Nf6 5. Nc3 Nbd7 6. b3 Bd6 7. Qc2 Qe7 8. Bb2 O-O 9. Bd3 Re8 10. O-O e5 11. dxe5 Nxe5 12. Nxe5 Qxe5 13. g3 Qh5 14. cxd5 Ng4 15. h4 Ne5 16. Be2 Bg4 17. Qd1 Rad8 18. Bxg4 Nxg4 19. Qf3 Qg6 20. dxc6 Ne5 21. Qg2 Qh5 22. Rad1 Nf3+ 23. Kh1 bxc6 24. Qh3 f5 25. Kg2 Re6 26. Ne2 Rg6 27. Nf4 Nxh4+ 28. Kh1 Qf3+ 29. Kh2 Rg4 30. Rxd6 Rxd6 31. gxh4 Qxh3+ 32. Kxh3 g5 33. Ng2 gxh4 34. Be5 Rd2 35. Nxh4 Re4 36. Bf4 Rxa2 37. Nxf5 Re6 38. Nd4 Rg6 39. Bg3 c5 40. Nf5 Kf7 41. Rc1 Rc6 42. Kg2 a5 43. Nd4 cxd4 44. Rxc6 dxe3 45. Kf1 exf2 46. Be5 Ra3 47. Rf6+ Ke8 48. Rb6 a4 49. b4 Rb3 50. Bd6 a3 51. Ra6 Rf3 52. Ra4 Kd7 53. Bc5 Kc6 54. Ra5 h5 55. Bxf2 Rb3 56. Bc5 h4 57. Kg1 h3 58. Kh2 Kd5 1/2-1/2

[Event "25th Abu Dhabi Master 2018"]
[Site "Abu Dhabi"]
[Date "2018.08.13"]
[Round "7"]
[White "Shailesh, Dravid"]
[Black "Raghunandan, Kaumandur Srihari"]
[Result "1-0"]
[WhiteElo "2290"]
[BlackElo "2404"]
[Annotator "TA"]
[PlyCount "83"]
[EventDate "2018.08.05"]
[EventType "swiss"]
[EventCountry "UAE"]
[SourceTitle "playchess.com"]
[Source "ChessBase"]
[SourceQuality "1"]

1. e4 c5 2. Nf3 d6 3. d4 cxd4 4. Nxd4 Nf6 5. Nc3 a6 6. Qf3 g6 7. h3 Bg7 8. Be3 O-O 9. O-O-O Bd7 10. g4 Nc6 11. Be2 Rc8 12. g5 Nh5 13. h4 Ne5 14. Qg2 Rxc3 15. bxc3 Qa5 16. Nb3 Qxc3 17. Bd4 Qb4 18. Bxh5 gxh5 19. f4 Nc4 20. Qf2 Rc8 21. f5 Qa3+ 22. Kb1 Qa4 23. c3 Na3+ 24. Kb2 Nb5 25. f6 e5 26. fxg7 exd4 27. cxd4 Nc3 28. Ra1 Nxe4 29. Qf4 Nc3 30. Rhf1 Be6 31. g6 Qc4 32. gxf7+ Bxf7 33. Rac1 b5 34. Rf2 b4 35. Ka1 Re8 36. Rcf1 Re2 37. Qf6 Rxf2 38. Rxf2 Qd5 39. Rf5 Qh1+ 40. Rf1 Qd5 41. Qe7 Kxg7 42. Rg1+ 1-0

[Event "25th Abu Dhabi Master 2018"]
[Site "Abu Dhabi"]
[Date "2018.08.13"]
[Round "7"]
[White "Sharma, Dinesh Kumar"]
[Black "Arjun, Kalyan"]
[Result "1/2-1/2"]
[WhiteElo "2275"]
[BlackElo "2390"]
[Annotator "NA"]
[PlyCount "67"]
[EventDate "2018.08.05"]
[EventType "swiss"]
[EventCountry "UAE"]
[SourceTitle "playchess.com"]
[Source "ChessBase"]
[SourceQuality "1"]

1. d4 d5 2. c4 c6 3. Nf3 Nf6 4. e3 Bf5 5. Nc3 e6 6. Nh4 Be4 7. f3 Bg6 8. Qb3 Qc7 9. Bd2 a6 10. Rc1 dxc4 11. Bxc4 Be7 12. O-O c5 13. dxc5 Nfd7 14. Nxg6 hxg6 15. g3 Nxc5 16. Qc2 Nc6 17. a3 O-O 18. Be2 Rfd8 19. Rfd1 Qb6 20. b4 Nd7 21. Ne4 Rac8 22. Qb3 Rc7 23. Kg2 Rdc8 24. Qb1 Qa7 25. Qb3 b5 26. a4 Qb6 27. axb5 axb5 28. Qd3 Rb8 29. Nc3 Na7 30. Nxb5 Nxb5 31. Qxb5 Qxb5 32. Bxb5 Rxc1 33. Bxc1 Rxb5 34. Rxd7 1/2-1/2

[Event "25th Abu Dhabi Master 2018"]
[Site "Abu Dhabi"]
[Date "2018.08.13"]
[Round "7"]
[White "Jubin, Jimmy"]
[Black "Salonika, Saina"]
[Result "1-0"]
[WhiteElo "2267"]
[BlackElo "2069"]
[Annotator "TA"]
[PlyCount "117"]
[EventDate "2018.08.05"]
[EventType "swiss"]
[EventCountry "UAE"]
[SourceTitle "playchess.com"]
[Source "ChessBase"]
[SourceQuality "1"]

1. d4 Nf6 2. c4 g6 3. g3 Bg7 4. Bg2 O-O 5. Nf3 c5 6. O-O cxd4 7. Nxd4 Nc6 8. Nc3 Nxd4 9. Qxd4 d6 10. Qd2 Qb6 11. b3 Bd7 12. Bb2 Rac8 13. Rac1 Rc7 14. e4 Qa5 15. Rfd1 Rfc8 16. Qe2 Bg4 17. f3 Bd7 18. Kh1 a6 19. a3 Qb6 20. Rd3 Qa7 21. Rcd1 b5 22. cxb5 axb5 23. Qd2 Qb6 24. b4 Be6 25. e5 dxe5 26. Rd8+ Bf8 27. Qe1 Rxd8 28. Rxd8 Rd7 29. Rxd7 Nxd7 30. Bf1 Bc4 31. Kg2 Bh6 32. Bxc4 bxc4 33. Qe4 Qd4 34. Qe2 Bd2 35. Ne4 c3 36. Ba1 f5 37. Nxd2 Qxd2 38. Kf2 Qd4+ 39. Qe3 f4 40. gxf4 Qxf4 41. Qxf4 exf4 42. Bxc3 Kf7 43. a4 Ke6 44. Ke2 Kd5 45. Kd3 g5 46. h3 h5 47. a5 e5 48. a6 g4 49. a7 Nb6 50. hxg4 h4 51. Be1 h3 52. Bf2 h2 53. Bxb6 h1=Q 54. a8=Q+ Ke6 55. Qe8+ Kf6 56. Bd8+ Kg7 57. Qe7+ Kg8 58. Qg5+ Kf7 59. Qh5+ 1-0

[Event "25th Abu Dhabi Master 2018"]
[Site "Abu Dhabi"]
[Date "2018.08.13"]
[Round "7"]
[White "Pranav, Vijay"]
[Black "Al Hajiri, Bader"]
[Result "1-0"]
[WhiteElo "2265"]
[BlackElo "2120"]
[Annotator "TA"]
[PlyCount "85"]
[EventDate "2018.08.05"]
[EventType "swiss"]
[EventCountry "UAE"]
[SourceTitle "playchess.com"]
[Source "ChessBase"]
[SourceQuality "1"]

1. Nf3 Nf6 2. g3 d5 3. Bg2 Bf5 4. d3 h6 5. O-O Nbd7 6. Nbd2 e5 7. Nh4 Bh7 8. e4 c6 9. Qe2 Be7 10. Rd1 O-O 11. Nf1 Re8 12. Nf5 Bf8 13. h4 Nc5 14. Nh2 Ne6 15. c3 Qd7 16. Bh3 Rad8 17. Ng4 Nxg4 18. Bxg4 dxe4 19. dxe4 Qxd1+ 20. Qxd1 Rxd1+ 21. Bxd1 Nc5 22. Bc2 Rd8 23. Be3 b6 24. h5 Ne6 25. Kf1 Bc5 26. Ke2 Bxe3 27. Nxe3 Kf8 28. f3 Ke7 29. a4 Ng5 30. b4 f6 31. Bb3 Bg8 32. Nf5+ Kf8 33. Bxg8 Kxg8 34. Ne7+ Kf7 35. Nxc6 Rc8 36. b5 a5 37. Rd1 Ke6 38. c4 Nf7 39. c5 bxc5 40. Rc1 Nd6 41. Rxc5 f5 42. Rxe5+ Kf6 43. Rd5 1-0